00918nam a22002537a 45000010005000000030006000050050017000110080041000280200018000690400029000870500013001160820012001291000022001412450081001632500036002442600038002803000044003185050008003625200174003705210021005445210020005656500045005856500034006305381FISKH20250122154234.0241129b cb ||||| |||| 00| 0 eng d a9780590255189 aFISKHbengcFISKHdFISKH aE176.G65 a973.099 aGormley, Beatrice aFirst ladies :bWomen who called the White House Home /cby Beatrice Gormley aFirst trade edition, March 2004 aNew York : bScholastic ,c1997 . a111 pages : billustrations ;c26 cm .  aZ  aBrief biographies of wives, sisters, daughters, nieces, and other relatives of Presidents who have served as White House hostesses, from Martha Washington to Laura Bush.8 a1130 bLexile 8 aZ bRaz-Plus  aSource of interesting factsvNon-fiction awomen in historyvNon-fiction